Online Catalogue and eLibrary

Consuming passions : (Record no. 288)

MARC details
000 -LEADER
fixed length control field 00673cam a2200229 a 4500
001 - CONTROL NUMBER
control field 1442129
005 - DATE AND TIME OF LATEST TRANSACTION
control field 20240205234300.0
008 - FIXED-LENGTH DATA ELEMENTS--GENERAL INFORMATION
fixed length control field 850513s1986 enka b 001 0 eng
020 ## - INTERNATIONAL STANDARD BOOK NUMBER
ISBN 0714528285 :
020 ## - INTERNATIONAL STANDARD BOOK NUMBER
ISBN 071452851X (pbk.) :
040 ## - CATALOGING SOURCE (பட்டியலாக்க மூலம்)
Original cataloging agency DLC
Transcribing agency DLC
Modifying agency DLC
082 00 - DDC Classification
Class No. 306
DDC Edition Number 19
100 1# - MAIN ENTRY--PERSONAL NAME
Personal name Williamson, Judith,
245 10 - TITLE STATEMENT
Title Consuming passions :
Remainder of title the dynamics of popular culture /
Statement of responsibility, etc. Judith Williamson.
260 ## - PUBLICATION, DISTRIBUTION, ETC.
Place of publication, distribution, etc. London ;
-- New York :
Name of publisher, distributor, etc. M. Boyars ;
Place of publication, distribution, etc. New York :
Name of publisher, distributor, etc. Distributed in the U.S. by Scribner,
Date of publication, distribution, etc. 1986.
300 ## - PHYSICAL DESCRIPTION
Extent (e.g. Volumes, Pages etc.) 240 p. :
650 #0 - SUBJECT ADDED ENTRY--TOPICAL TERM
Topical term or geographic name entry element Popular culture
650 #0 - SUBJECT ADDED ENTRY--TOPICAL TERM
Topical term or geographic name entry element Popular culture
650 #0 - SUBJECT ADDED ENTRY--TOPICAL TERM
Topical term or geographic name entry element Popular culture
650 #0 - SUBJECT ADDED ENTRY--TOPICAL TERM
Topical term or geographic name entry element Consumers.
942 ## - Koha item type (Biblio)
Koha item type Books in Stacks (Lending)
Holdings
Lost status Damaged status Collection code Home library Current library Date acquired Full call number Accession Number Item type
    Lending WERC Library WERC Library 02/06/2024 306 2054 Books in Stacks (Lending)

© WERC Library